000 00904nam a2200265Ia 4500
003 OSt
005 20220928123925.0
006 a|||||r|||| 00| 0
007 ta
008 220927b |||||||| |||| 00| 0 eng d
020 _cUKP 110.00
024 _a136678
037 _b125, 08/11/2017, Classic Book Service
_cTextual
040 _aSDCL
_cSDCL
_beng
041 _2eng
_aeng
082 _aO-,3NWG,2, Q2
100 _aBlanchard Jean-Marc F. Ed.
_9462325
245 0 _aNew thinking about the Taiwan issue
_b Theoretical insights into its origins, dynamics, and prospects
260 _aLondon
_bRoutledge
_c2012
300 _axv,238p,
_ccm.
650 _aPolitical Science
700 _a Hickey Dennis V. Ed.
_9462326
942 _hO-,3NWG,2, Q2
_cTEXL
_2CC
999 _c775318
_d775318